000 00491nam a2200181Ia 4500
001 3894
005 20260306145717.0
008 260306t2009||||xx |||||||||||||| ||spa||
041 _aESP
082 _a305.3
_bI59
100 _aInstituto Interamericano de Derechos Humanos
_eAUT
245 0 _aLegislación para la igualdad entre mujeres y hombres en América Latina
260 _c2009
300 _a389 páginas :
_c28 cm.
650 _aGEN
654 _aCHU
942 _cLIB
_dJUS
_fJUS
_2ddc
_n
999 _c3894
_d3894